000
00207 a2200097 4500
001
6997
100
_a
Danielson, G.L
245
_a
Radio and line transmission
260
_a
_b
Iliffe
_c
090
_c
5780
_d
5780
942
_a
NUST-CAE
_c
M
_c
32245
999
_c
242070
_d
242070